01872nab a2200253 ab450000500170000000800410001700300010005804000350005910000250009410000360011924501620015550600190031752009180033665000150125465000260126965000230129565000170131865300300133565000200136565000120138577301020139785600570149985600620155620260630145246.0260604b2025 sp tr poo| 0 0 spa d aMX-MxUPNbspacMX-MxUPNeaacr21 aLópez Doblas, Juan1 aDíaz Conde, María del Pilar11a«La pandemia nos ha pasado factura» :bla salud mental de las personas mayores viviendo solas en tiempos de la COVID-19h[recurso electrónico en línea]0 aAcceso abierto3 aEste trabajo aborda los efectos que la pandemia de COVID-19 ha generado sobre la salud mental de las personas mayores que la han experimentado viviendo solas. Presenta resultados de un estudio cualitativo, desarrollado mediante entrevistas semiestructuradas, bajo las directrices metodológicas de la Teoría Fundamentada tanto en el proceso de recogida de la información (muestreo teórico de 102 entrevistas), como en su codificación y análisis (método comparativo constante). Los resultados permiten comprender lo mucho que se vieron afectadas por síntomas depresivos o de ansiedad durante la pandemia, cuya incidencia vinculan con su estado de soledad y escaso contacto social. Soledad y salud mental parecen haber ejercido un efecto sinérgico. También revelan su vulnerabilidad en tiempos de crisis y las consecuencias de que las necesidades emocionales queden sin cubrir en la vejez. cREIS 7aAnsiedad2 0aCOVID-19 (Enfermedad) 2aDepresión mental 4aSalud mental aMetodología cualitativa 2aAdultos mayores 2aSoledad gNo. 192 (2025), p. 149-166tREIS: revista española de investigaciones sociológicasx1988-59034 uhttps://reis.cis.es/index.php/reis/article/view/23814 uhttps://reis.cis.es/index.php/reis/article/view/2381/3008